000 00466nam a2200169Ia 4500
003 GCL
008 140319s9999 xx 000 0 ara d
040 _aGCL /
_cGCL
082 0 4 _a027.4
_bس م
100 1 _aسعيد احمد حسن
245 1 0 _aالمكتبة العامة والوعى الثقافى /
_cسعيد احمد حسن
300 _a143 ص
490 _a
650 0 4 _aالمكتبات العامة
650 0 4 _aالمكتبات
942 _2ddc
_cBK
999 _c41566
_d41566